| 000 | 00326nam a2200121Ia 4500 | ||
|---|---|---|---|
| 005 | 20251222141958.0 | ||
| 008 | 251222s9999||||xx |||||||||||||| ||spa|| | ||
| 082 | _a581.4/S15/Ej.2 | ||
| 100 | _aSagástegui, A. | ||
| 245 | 0 | _aDiversidad Florística de Contumazá (Cajamarca) | |
| 264 | _bUniversidad Antenor Orrego | ||
| 942 | _cLIB | ||
| 999 |
_c9925 _d9925 |
||